[Event "African Individual Chess Championships 2"]
[Site "Safari Hotel, Windhoek, Namibi"]
[Date "2014.12.14"]
[Round "2.4"]
[White "Mentile, Lishen"]
[Black "Tjatindi, Kamutuua"]
[Result "1/2-1/2"]
[WhiteElo "1418"]
[BlackElo "1431"]
[PlyCount "106"]
[EventDate "2014.12.13"]
[EventRounds "9"]
[EventCountry "NAM"]

1. e4 e5 2. Nf3 Nc6 3. Bc4 Bd6 4. Nc3 Be7 5. d4 d6 6. dxe5 dxe5 7. Qxd8+ Bxd8
8. Bb5 Nge7 9. Nxe5 O-O 10. Nxc6 Nxc6 11. Bxc6 bxc6 12. Bf4 Bg4 13. O-O Rb8 14.
Rab1 f5 15. f3 Bh5 16. exf5 Rxf5 17. Be3 Ra5 18. Rfd1 Be7 19. b3 Bf6 20. Bd4
Be7 21. a4 a6 22. Re1 Bd6 23. Ne4 Bg6 24. Nxd6 cxd6 25. Rbc1 Rd5 26. Red1 c5
27. Be3 Rxd1+ 28. Rxd1 Bxc2 29. Rxd6 Bxb3 30. Bxc5 Bc4 31. a5 Re8 32. Bb6 Kf7
33. Kf2 Re2+ 34. Kg3 g5 35. Rh6 Kg7 36. Rc6 Rc2 37. Bd4+ Kf7 38. Rf6+ Kg8 39.
Be3 Ra2 40. Bb6 Kg7 41. Rd6 h5 42. h4 gxh4+ 43. Kxh4 Rxg2 44. Kxh5 Be2 45. Bd4+
Kf7 46. Rf6+ Ke7 47. Kh4 Rg8 48. Rf4 Kd6 49. Bb6 Bb5 50. Rg4 Rxg4+ 51. fxg4 Ke6
52. Kg5 Kf7 53. Kh6 Kg8 1/2-1/2

[Event "African Individual Chess Championships 2"]
[Site "Safari Hotel, Windhoek, Namibi"]
[Date "2014.12.19"]
[Round "6.1"]
[White "Wafa, Shrook"]
[Black "Tembo, Epah"]
[Result "1-0"]
[WhiteElo "2061"]
[BlackElo "1889"]
[PlyCount "57"]
[EventDate "2014.12.13"]
[EventRounds "9"]
[EventCountry "NAM"]

1. e4 e6 2. d4 d5 3. Nc3 Nf6 4. Bg5 Bb4 5. Nge2 h6 6. Bxf6 gxf6 7. a3 Bxc3+ 8.
Nxc3 dxe4 9. Nxe4 f5 10. Ng3 b6 11. Qf3 c6 12. O-O-O Bb7 13. Bc4 Nd7 14. Kb1
Qg5 15. h4 Qg4 16. Qc3 O-O-O 17. d5 Nc5 18. Be2 Qf4 19. dxc6 Ba6 20. Bxa6+ Nxa6
21. Rd7 Nc7 22. Rxf7 Qd4 23. Qf3 Qd5 24. Qxd5 Rxd5 25. Kc1 Rc5 26. Rd1 Nd5 27.
Rxa7 Nc7 28. Rd7 Rxc6 29. Rdxc7+ 1-0